Представление документа в формате MARC21

Поле Инд. ПП Название Значение
Тип записи a
Библиографический уровень m
001 Контрольный номер f35dabad-a0c6-4f8d-9f7c-0909cd9a1e88
005 Дата корректировки 20200618104749.1
008 Кодируемые данные 041112
040 a Служба первич. каталог. НБ ТвГУ
041 0_ a Код языка текста rus
080 a Индекс УДК 811.161.1'373
084 a Индекс другой классификации/Индекс ББК Ш141.12-3я9
090 a Полочн. индекс
x Авторский знак В18
100 1_ a Автор Вартаньян Эдуард Арамаисович
245 10 a Заглавие Путешествие в слово
b Продолж. заглавия [для сред. и ст. школьного возраста]
c Ответственность Эд. Вартаньян
260 0_ a Место издания Москва
b Издательство Советская Россия
c Дата издания 1975
300 a Объем 190 с.
b Иллюстрации/ тип воспроизводства ил.
650 04 a Основная рубрика Русский язык
x Основная подрубрика Лексикология
653 0_ a Ключевые слова Лексикология русского языка
a Ключевые слова Русский язык
a Ключевые слова Языкознание
920 a Оператор Хохл
930 a Новая/Ретро популярная
952 c Вид литературы К ру
954 a Дата поступления на обработку 20051003